5. seminární školení k využití výpočetní techniky : sborník přednášek : Olomouc, září 1982

Jazyk: Čeština
Vydáno: Olomouc : Krajský výbor komitétu pro vědecké řízení ČSVTS, 1982
Témata:
Fyzický popis: 217 s.
Knihy
Uloženo v:
LEADER 00833nam a22002412a 4500
001 000920943
003 CZ BrMZK
005 20081112075428.0
007 ta
008 081112s1982 xr er|||||||||||cze d
015 |a cnb000006922 
035 |a (OCoLC)39561288 
040 |a BOA001  |b cze 
080 9 |a 681.3(063) 
245 0 0 |a 5. seminární školení k využití výpočetní techniky :  |b sborník přednášek : Olomouc, září 1982 
246 3 |a Páté seminární školení k využití výpočetní techniky 
260 |a Olomouc :  |b Krajský výbor komitétu pro vědecké řízení ČSVTS,  |c 1982 
300 |a 217 s. 
910 |a BOA001  |b 4-0852.470 
964 |a Výpočetní technika - sborníky 
990 |a BK 
991 |b 200811 
996 6 |b BC-617257  |c 4-0852.470  |l MZK  |r Sklad / do 1 hodiny  |n 0  |w 000920943  |u 000010  |a 1  |e BOA001  |j MZK50  |s P